00288 2200121 4500001002100000005001500021008004100036035001900077082001000096090001400106100002300120245002300143INLIS00000000000437420220725121420220725||||||||| | ||| |||| ||  0010-07220043740 a405.6 aSab b c.60 aSABARIYANTO, Dirgo00aBahasa Sutar Dinas